000 01758cam a2200505 a 4500
999 _c23926
_d23926
001 vtls011424019
005 20250924110229.0
008 171219s2015 xo oab g n 001 0 slo
020 _a9788080467302 (viaz.)
035 _a44AA88C9-76A2-48BE-A9A2-21D9A739894D
035 _aurn:nbn:sk:snk-amyc7n
035 _aurn:nbn:sk:snk-am00cfu8
040 _aPPPK
_bslo
_cPPPK
_dSNK
_eAACR2
041 0 _aslo
044 _axo
_cSK
072 7 _a94(437)
_xDejiny Česka a Slovenska
_2konspekt
080 _a94(437.6)
_22011
080 _a903
_22011
080 _a94"04/14"
_22001
080 _a94"15/..."
_22001
080 _a(048.8:082)
_22011
245 0 0 _aSlovenské dejiny
_bod úsvitu po súčasnosť
_c[Michal Habaj ... [et al.]]
250 _a1. vyd.
260 _aBratislava
_bPerfekt
_c2015
300 _a551 s.
_bfaks., fotogr., ilustr., mp.
_c25 cm
500 _aChronologický prehľad
650 0 7 _apravek
_xdejiny
_2SNKPH
_94823
650 0 7 _adejiny stredoveku
_2SNKPH
_94824
650 0 7 _anovovek
_xdejiny
_2SNKPH
_94825
650 0 7 _aPrehistory
_2SNKPHeng
_94826
650 0 7 _aMiddle Ages history
_2SNKPHeng
_94827
650 0 7 _aModern history
_2SNKPHeng
_94828
651 7 _aSlovensko
_xdejiny
_2SNKPH
_91981
655 7 _aSlovakia
_xhistory
_2SNKPHeng
_94829
655 7 _akolektívne monografie
_2SNKPH
_92197
655 7 _aCollective monographs
_2SNKPHeng
_92198
700 1 _aHabaj, Michal,
_d1983-
_4aut
_92958
700 1 _aLukačka, Ján,
_d1952-
_4aut
_94830
700 1 _aSegeš, Vladimír,
_d1950-
_4aut
_94821
700 1 _aMrva, Ivan,
_d1954-
_4aut
_92859
700 1 _aPetranský, Ivan A.,
_d1976-
_4aut
_94831
700 1 _aHrnko, Anton,
_d1955-
_4aut
_94832
958 _aNB